| 000 | 00504nam a2200145Ia 4500 | ||
|---|---|---|---|
| 008 | 191108s9999 xx 000 0 und d | ||
| 020 | _a978-0-198-60990-2 | ||
| 100 | _aRobinson, Jancis | ||
| 245 |
_cJancis Robinson.-- _aThe Oxford companion to wine / |
||
| 250 | _a3rd Ed. | ||
| 260 |
_aNew York: _bOxford University Press _c2006 |
||
| 300 |
_axxiv, 813 pages : _bcolored illustrations _c28 cm. |
||
| 500 | _aIncludes appendices, glossary, bibliography and index. | ||
| 650 | _a Wine and wine making. | ||
| 999 |
_c362559 _d362559 |
||